| 000 | 00452nam a2200157Ia 4500 | ||
|---|---|---|---|
| 008 | 230711s9999||||xx |||||||||||||| ||und|| | ||
| 041 | _aENG | ||
| 082 |
_a720 _bCO-C |
||
| 100 | _aCouncil on Tall Buildings and Urban Habitat | ||
| 245 | 0 | _aCast-in-place concrete in tall building design and construction | |
| 250 | _a1st Ed. | ||
| 260 |
_c1991 _aNew Delhi _bTata McGraw Hill Education Limited |
||
| 300 | _a402 | ||
| 650 | _aArchitecture | ||
| 942 | _cBK | ||
| 999 |
_c2762 _d2762 |
||